The WTO and global governance : (Record no. 6610)

MARC details
000 -LEADER
fixed length control field 01485cam a2200205 a 4500
020 ## - INTERNATIONAL STANDARD BOOK NUMBER
ISBN 9789280811544 (pbk.)
020 ## - INTERNATIONAL STANDARD BOOK NUMBER
ISBN 9280811541 (pbk.)
050 00 - CALL NUMBER
Classification number HF1385
Item number .W94
245 04 - TITLE
Title The WTO and global governance :
Remainder of title future directions /
Statement of responsibility, etc edited by Gary P. Sampson.
260 ## - PUBLICATION INFORMATION
Place of publication Tokyo ;
-- New York :
Name of publisher United Nations University Press,
Year of publication c2008.
300 ## - DESCRIPTION
Number of Pages xviii, 277 p. ;
Dimensions 24 cm.
500 ## - NOTES
General note Includes index
505 ## - FORMATTED CONTENTS NOTE
Table of Content The WTO's contribution to global governance / Pascal Lamy --<br/>The WTO, global governance and policy options / Sylvia Ostry --<br/>Enhancing the role of the WTO in global governance / Bert Koenders --<br/>Governing at the trade-environment interface / Daniel C. Esty --<br/>Promoting policy coherence in the global governance of trade and employment / Juan Somavia --<br/>Placing human rights in the Geneva consensus / Louise Arbour and Shervin Majlessi --<br/>Pharmaceutical patents and access to medicines / Celso Amorim --<br/>The WTO, global governance and development / Supacjai Panitchpakdi --<br/>Globalization, trade and developing countries / Dani Rodrik --<br/>Aid for trade and global governance : an ITC perspective / Patricia R. Francis --<br/>The future of the WTO and free trade / Ted Turner --<br/>Some thoughts on the WTO dispute settlement procedure / Mitsuo Matsushita.
650 #0 - SUBJECTS
Topical Term Commercial treaties.
650 #0 - SUBJECTS
Topical Term Foreign trade regulation.
650 #0 - SUBJECTS
Topical Term International economic relations.
650 #0 - SUBJECTS
Topical Term Globalization.
700 1# - OTHER AUTHORS
Personal name Sampson, Gary P.
942 ## - ADDED ENTRY ELEMENTS (KOHA)
Koha item type Books
Holdings
Withdrawn status Lost status Collection code Home library Current library Shelving location Date acquired Source of acquisition Full call number Accession Number Koha item type
    Reference Methodist University Library Main Methodist University Library Main General Stacks 01/06/2019 Purchased from EPP Books HF1385 .W94 7754 Books
    Reference Methodist University Library Main Methodist University Library Main General Stacks 01/06/2019 Purchased from EPP Books HF1385 .W94 7755 Books
Copyright © 2026  MUG Library